Options, futures, and other derivatives (Record no. 174156)

MARC details
000 -LEADER
fixed length control field 00521nam a2200193Ia 4500
008 - FIXED-LENGTH DATA ELEMENTS--GENERAL INFORMATION
fixed length control field 231217s9999 xx 000 0 und d
041 ## - LANGUAGE CODE
Language code of text/sound track or separate title English
082 ## - DEWEY DECIMAL CLASSIFICATION NUMBER
Classification number 658.152 HUL;1 R
100 ## - MAIN ENTRY--PERSONAL NAME
Personal name Hull, John C
245 #0 - TITLE STATEMENT
Title Options, futures, and other derivatives
250 ## - EDITION STATEMENT
Edition statement 5th ed.
260 ## - PUBLICATION, DISTRIBUTION, ETC.
Date of publication, distribution, etc. 2003
Name of publisher, distributor, etc. Pearson Education (Singapore)
Place of publication, distribution, etc. Delhi
300 ## - PHYSICAL DESCRIPTION
Extent xxi+744
300 ## - PHYSICAL DESCRIPTION
Dimensions CD1735
400 ## - SERIES STATEMENT/ADDED ENTRY--PERSONAL NAME [OBSOLETE, CAN/MARC], [LOCAL, USA]
Personal name Prentice Hall Finance series
500 ## - GENERAL NOTE
General note with CD1735
650 ## - SUBJECT ADDED ENTRY--TOPICAL TERM
Topical term or geographic name entry element Options,,futures,,derivatives
942 ## - ADDED ENTRY ELEMENTS (KOHA)
Koha item type Books
Holdings
Date last seen Total checkouts Full call number Accession number Cost, total (INR) price Price effective from Category Lost status Damaged status Department Withdrawn status Home library Current library Shelving location Entry date Vendor Cost, normal purchase price Grants Billnumber Billdate Currency symbol Conversion rate Discount Old discount
26/01/2024   658.152 HUL;1 R 33072 221.25 26/01/2024 Books     Central Library   Central Library Central Library Central Library 04/03/2005 I K International 295.00 MBA 1766 30/09/2011 RS 1 73.75 25
26/01/2024   658.152 HUL;2 R1 33073 221.25 26/01/2024 Books     Central Library   Central Library Central Library Central Library 04/03/2005 I K International 295.00 MBA 1766 06/06/2014 RS 1 73.75 25
26/01/2024   658.152 HUL;3 33074 221.25 26/01/2024 Books     Central Library   Central Library Central Library Central Library 04/03/2005 I K International 295.00 MBA 1766 16/03/2017 RS 1 73.75 25
26/01/2024   658.152 HUL;4 33075 221.25 26/01/2024 Books     Central Library   Central Library Central Library Central Library 04/03/2005 I K International 295.00 MBA 1766 09/07/2009 RS 1 73.75 25
26/01/2024   658.152 HUL;5 33076 221.25 26/01/2024 Books     Central Library   Central Library Central Library Central Library 04/03/2005 I K International 295.00 MBA 1766 20/04/2009 RS 1 73.75 25

© For any Suggestions or Query, please contact the library staff @ librarian@pes.edu or Phone: +9180 2672 1983/ 2108.